| 000 | 00841nam a2200253Ia 4500 | ||
|---|---|---|---|
| 003 | OSt | ||
| 005 | 20220928125559.0 | ||
| 006 | a|||||r|||| 00| 0 | ||
| 007 | ta | ||
| 008 | 220927b |||||||| |||| 00| 0 eng d | ||
| 020 |
_a9781108716888 _cUKP 24.99 |
||
| 024 | _a146289 | ||
| 037 |
_b14488, 24/12/2021, Elite Publishers Distributors _cTextual |
||
| 040 |
_aSDCL _cSDCL _beng |
||
| 041 |
_2eng _aeng |
||
| 082 | _aY658.2'N<-M5, Q9 | ||
| 100 |
_aHinchy Jessica _9470427 |
||
| 245 | 0 |
_aGoverning gender and sexuality in colonial India _b the hijra, c. 1850-1900 |
|
| 260 |
_aNew Delhi _bCambridge University Press _c2019 |
||
| 300 |
_axviii,305p. _ccm. |
||
| 650 | _aHistory | ||
| 942 |
_hY658.2'N<-M5, Q9 _cTEXL _2CC |
||
| 999 |
_c783141 _d783141 |
||